| Tag |
First Indicator |
Second Indicator |
Subfields |
| LEADER |
00000cam a2200000 4500 |
| 001 |
in00000440113 |
| 005 |
20151012080148.0 |
| 008 |
750723s1945 cauacf 00010 eng u |
| 010 |
|
|
|a 45003962
|
| 035 |
|
|
|a (OCoLC)01469878
|
| 035 |
|
|
|9 ABX4826AM
|
| 040 |
|
|
|c JPL
|d TXA
|d UtOrBLW
|
| 049 |
|
|
|a TXAM
|c [130351]
|
| 050 |
|
0 |
|a TR520
|b .B6 1945
|
| 082 |
0 |
|
|a 778.6
|
| 092 |
|
|
|a 778.6
|b B711k2
|
| 100 |
1 |
|
|a Bond, Fred.
|
| 245 |
1 |
0 |
|a Kodachrome and Kodacolor from all angles /
|c [by] Fred Bond. All illustrations by the author, except where otherwise designated.
|
| 250 |
|
|
|a "Second edition.".
|
| 264 |
|
1 |
|a San Francisco :
|b Camera craft publishing company,
|c [1945]
|
| 300 |
|
|
|a 1 page ., 5-232 pages including mounted color frontispiece (port.) illustrations (part color) color plates, tables, diagrams ;
|c 28 cm.
|
| 336 |
|
|
|a text
|b txt
|2 rdacontent
|
| 337 |
|
|
|a unmediated
|b n
|2 rdamedia
|
| 338 |
|
|
|a volume
|b nc
|2 rdacarrier
|
| 650 |
|
0 |
|a Color photography
|x Three-color process.
|
| 650 |
|
0 |
|a Color.
|
| 999 |
|
|
|a MARS
|
| 999 |
f |
f |
|s aff6e3d9-cda7-3cc8-96f0-f8c35728d040
|i 7df56bd7-0aa4-332d-8665-b4ecf52b2725
|t 0
|
| 952 |
f |
f |
|p ric
|a Texas A&M University
|b Rellis Campus
|c Joint Library Facility
|d Remote Storage
|t 0
|e TR520 .B6 1945
|h Library of Congress classification
|i unmediated -- volume
|m A14801161903
|
| 998 |
f |
f |
|a TR520 .B6 1945
|t 0
|l Remote Storage
|